[Event "Niteroi op 2nd"]
[Site "Niteroi"]
[Date "2022.09.06"]
[Round "8"]
[White "Fernandes, Joao Manoel Strauss"]
[Black "Cardoso, Marcio de Lucca"]
[Result "1/2-1/2"]
[WhiteElo "1688"]
[BlackElo "1802"]
[PlyCount "65"]
[EventDate "2022.09.01"]
[EventType "swiss"]
[EventRounds "9"]
[EventCountry "BRA"]
[SourceTitle "EXT 2024"]
[Source "ChessBase"]
[SourceDate "2023.10.10"]
[SourceVersion "1"]
[SourceVersionDate "2023.10.10"]
[SourceQuality "1"]

1. e4 c5 2. Nf3 e6 3. d4 cxd4 4. Nxd4 Nf6 5. Nc3 Nc6 6. Be3 Bb4 7. Nxc6 bxc6 8. Qd4 Qa5 9. Bd3 0-0 10. 0-0 e5 11. Qc4 d5 12. exd5 cxd5 13. Qh4 e4 14. Be2 Bxc3 15. bxc3 Qxc3 16. Bg5 Be6 17. Bxf6 Qxf6 18. Qxf6 gxf6 19. Rfd1 Rfc8 20. Rac1 Rc3 21. Bb5 a5 22. Ba4 Rb8 23. Bb3 Rc5 24. Rd2 Kf8 25. Rcd1 Ke7 26. h3 Rbc8 27. Bxd5 Rxc2 28. Bxe4 Rxa2 29. Rxa2 Bxa2 30. Ra1 Be6 31. Rxa5 Rh8 32. Rh5 h6 33. h4 1/2-1/2

[Event "Caxambu Casa do Xadrez op"]
[Site "Caxambu"]
[Date "2022.07.24"]
[Round "5"]
[White "Cardoso, Marcio de Lucca"]
[Black "Abreu, Guilherme Correa"]
[Result "0-1"]
[WhiteElo "1818"]
[BlackElo "1976"]
[PlyCount "80"]
[EventDate "2022.07.22"]
[EventType "swiss"]
[EventRounds "6"]
[EventCountry "BRA"]
[SourceTitle "CBM 209 Extra"]
[Source "ChessBase"]
[SourceDate "2022.09.30"]
[SourceVersion "1"]
[SourceVersionDate "2022.09.30"]
[SourceQuality "1"]

1. e4 c5 2. Nf3 d6 3. d4 cxd4 4. Nxd4 Nf6 5. f3 a6 6. c4 e5 7. Nc2 Nc6 8. Be3 Be6 9. Nc3 Be7 10. Qd2 0-0 11. Be2 Rc8 12. Rc1 Ne8 13. 0-0 h6 14. Nd5 Bg5 15. f4 exf4 16. Nxf4 Ne5 17. b3 Nf6 18. Qd4 Qd7 19. Nd5 Nxd5 20. Bxg5 hxg5 21. exd5 Bg4 22. Bxg4 Nxg4 23. Qd2 b5 24. Nd4 bxc4 25. Qxg5 Ne5 26. Nf5 f6 27. Qe3 cxb3 28. axb3 Rxc1 29. Qxc1 Rc8 30. Qa3 Qa7+ 31. Kh1 Rc5 32. Qa4 Qd7 33. Qxa6 Kh7 34. Ne3 Rc3 35. Nf5 Rxb3 36. Nxd6 Rd3 37. Ne4 Qxd5 38. Nf2 Rd2 39. Qa4 Nc4 40. Qe8 Rxf2 0-1

[Event "Rio de Janeiro op"]
[Site "Rio de Janeiro"]
[Date "2022.04.22"]
[Round "3"]
[White "Espinosa, Guilherme Vieira"]
[Black "Cardoso, Marcio de Lucca"]
[Result "1-0"]
[WhiteElo "1850"]
[BlackElo "1837"]
[PlyCount "71"]
[EventDate "2022.04.21"]
[EventType "swiss"]
[EventRounds "6"]
[EventCountry "BRA"]
[SourceTitle "CBM 207 Extra"]
[Source "ChessBase"]
[SourceDate "2022.05.31"]
[SourceVersion "1"]
[SourceVersionDate "2022.05.31"]
[SourceQuality "1"]

1. c4 e5 2. Nc3 Nf6 3. Nf3 Nc6 4. g3 g6 5. Bg2 Bg7 6. d4 exd4 7. Nxd4 0-0 8. 0-0 Re8 9. e3 Ne7 10. e4 Nc6 11. Nc2 d6 12. Ne3 Ne5 13. f4 Neg4 14. h3 Nxe3 15. Bxe3 Be6 16. b3 Nh5 17. Ne2 Bxa1 18. Qxa1 c5 19. g4 Ng7 20. f5 Bd7 21. Bh6 Re5 22. Bf4 gxf5 23. Bxe5 dxe5 24. exf5 Qc7 25. Qc1 Bc6 26. Qg5 Kh8 27. Nc3 Bxg2 28. Kxg2 Rg8 29. Nd5 Qd6 30. Ne7 Rd8 31. Nd5 Rg8 32. Nf6 Rd8 33. Qh4 h5 34. Nd5 Kg8 35. f6 hxg4 36. Ne7+ 1-0

[Event "Pocos de Caldas op"]
[Site "Pocos de Caldas"]
[Date "2022.03.11"]
[Round "2"]
[White "Cardoso, Marcio de Lucca"]
[Black "Soares, Joao Carlos TC"]
[Result "1/2-1/2"]
[WhiteElo "1828"]
[BlackElo "2080"]
[PlyCount "60"]
[EventDate "2022.03.11"]
[EventType "swiss"]
[EventRounds "6"]
[EventCountry "BRA"]
[SourceTitle "CBM 207 Extra"]
[Source "ChessBase"]
[SourceDate "2022.05.31"]
[SourceVersion "1"]
[SourceVersionDate "2022.05.31"]
[SourceQuality "1"]

1. d4 Nf6 2. c4 e6 3. g3 d5 4. Bg2 Be7 5. Nf3 0-0 6. 0-0 dxc4 7. Ne5 Nc6 8. Nxc6 bxc6 9. Bxc6 Rb8 10. e3 Rb6 11. Bg2 c5 12. dxc5 Bxc5 13. Nc3 Rd6 14. Qc2 Ba6 15. Rd1 Rxd1+ 16. Nxd1 Nd5 17. Bd2 Nb4 18. Bxb4 Bxb4 19. Nc3 Qa5 20. Rd1 Bxc3 21. bxc3 Bb5 22. Rd4 Rd8 23. Qd2 Rxd4 24. Qxd4 g6 25. Qe5 h5 26. Be4 a6 27. Qb8+ Kg7 28. Qe5+ Kg8 29. Qb8+ Kg7 30. Qe5+ Kg8 1/2-1/2

[Event "BRA-ch 87th"]
[Site "Cuiaba"]
[Date "2021.10.31"]
[Round "6"]
[White "Cardoso, Marcio de Lucca"]
[Black "Souza Neves, Andrey Marcelo"]
[Result "0-1"]
[WhiteElo "1892"]
[BlackElo "2087"]
[PlyCount "44"]
[EventDate "2021.10.28"]
[EventType "swiss"]
[EventRounds "11"]
[EventCountry "BRA"]
[SourceTitle "CBM 205 Extra"]
[Source "ChessBase"]
[SourceDate "2022.01.31"]
[SourceVersion "1"]
[SourceVersionDate "2022.01.31"]
[SourceQuality "1"]

1. e4 c5 2. Nf3 Nc6 3. d4 cxd4 4. Nxd4 Nf6 5. Nc3 d6 6. Bc4 Qb6 7. Nde2 e6 8. Be3 Qa5 9. Qd2 Be7 10. f3 0-0 11. 0-0-0 a6 12. Nd4 Nxd4 13. Bxd4 b5 14. Bb3 b4 15. Nb1 Qb5 16. a4 Qa5 17. Na3 d5 18. exd5 exd5 19. c4 Bf5 20. Nc2 Rfc8 21. Bxf6 dxc4 22. Qg5 Bxf6 0-1

[Event "BRA-ch 87th"]
[Site "Cuiaba"]
[Date "2021.10.30"]
[Round "4"]
[White "Cardoso, Marcio de Lucca"]
[Black "Mariano, Marceley Martins"]
[Result "1-0"]
[WhiteElo "1892"]
[BlackElo "2095"]
[PlyCount "125"]
[EventDate "2021.10.28"]
[EventType "swiss"]
[EventRounds "11"]
[EventCountry "BRA"]
[SourceTitle "CBM 205 Extra"]
[Source "ChessBase"]
[SourceDate "2022.01.31"]
[SourceVersion "1"]
[SourceVersionDate "2022.01.31"]
[SourceQuality "1"]

1. e4 c5 2. Nf3 d6 3. d4 cxd4 4. Nxd4 Nf6 5. Nc3 a6 6. Be2 e5 7. Nb3 Be6 8. Be3 Nc6 9. f3 Qc7 10. Qd2 b5 11. g4 b4 12. Nd1 h6 13. g5 hxg5 14. Bxg5 Be7 15. Nf2 a5 16. Bb5 a4 17. Nc1 Kf8 18. Ne2 Qb6 19. Qd3 Ra5 20. Bc4 Bxc4 21. Qxc4 Rc5 22. Qd3 b3 23. c3 Rb5 24. a3 Nd8 25. Be3 Qb7 26. Ng3 g6 27. 0-0-0 d5 28. Kb1 Ne6 29. Qe2 Kg7 30. Rdg1 Bc5 31. exd5 Bxe3 32. Nf5+ Kf8 33. Nxe3 Nf4 34. Qd2 N6xd5 35. c4 Nxe3 36. cxb5 Nf5 37. Qb4+ Kg7 38. Ne4 Nd4 39. Qd6 Nxf3 40. Qf6+ Kg8 41. Nd6 Qd5 42. Rc1 Kh7 43. Qxf7+ Qxf7 44. Nxf7 Rb8 45. Rc7 Kg8 46. Nd6 Nd4 47. Rc5 Rd8 48. b6 Rxd6 49. b7 Rb6 50. Rc8+ Kf7 51. b8Q Rxb8 52. Rxb8 Kf6 53. Rb4 Kf5 54. Rxa4 g5 55. Rb4 Nd3 56. Rb8 e4 57. a4 e3 58. a5 e2 59. Re8 Ne6 60. Rxe6 Kxe6 61. a6 Ne5 62. a7 Nf3 63. a8Q 1-0

[Event "Sudeste/Centro Oeste-ch U2200"]
[Site "Barbacena"]
[Date "2021.10.22"]
[Round "1"]
[White "Lage, Pedro Ferreira"]
[Black "Cardoso, Marcio de Lucca"]
[Result "1-0"]
[WhiteElo "2144"]
[BlackElo "1892"]
[PlyCount "55"]
[EventDate "2021.10.22"]
[EventType "swiss"]
[EventRounds "5"]
[EventCountry "BRA"]
[SourceTitle "EXT 2023"]
[Source "ChessBase"]
[SourceDate "2022.10.05"]
[SourceVersion "1"]
[SourceVersionDate "2022.10.05"]
[SourceQuality "1"]

1. Nf3 Nf6 2. c4 g6 3. Nc3 Bg7 4. e4 d6 5. d4 0-0 6. Be2 b6 7. 0-0 Bb7 8. e5 dxe5 9. dxe5 Nfd7 10. e6 fxe6 11. Ng5 Nc5 12. Be3 Nba6 13. Bg4 Qxd1 14. Raxd1 Bc8 15. Nb5 h6 16. Bxc5 bxc5 17. Nxe6 Bxe6 18. Bxe6+ Kh7 19. Rd7 c6 20. Nxa7 Rad8 21. Rfd1 Rxd7 22. Rxd7 Bxb2 23. Rxe7+ Kh8 24. Nxc6 Bc3 25. Ra7 Re8 26. Ne7 Kg7 27. Nd5+ Kh8 28. Rxa6 1-0

[Event "Araruama op 1st"]
[Site "Araruama"]
[Date "2021.06.05"]
[Round "5"]
[White "Cardoso, Marcio de Lucca"]
[Black "De Carvalho, Vitor Augusto Ponci"]
[Result "1-0"]
[WhiteElo "1888"]
[BlackElo "1591"]
[PlyCount "81"]
[EventDate "2021.06.02"]
[EventType "tourn"]
[EventRounds "6"]
[EventCountry "BRA"]
[SourceTitle "CBM 203 Extra"]
[Source "ChessBase"]
[SourceDate "2021.09.30"]
[SourceVersion "1"]
[SourceVersionDate "2021.09.30"]
[SourceQuality "1"]

1. e4 c5 2. Nf3 Nc6 3. d4 cxd4 4. Nxd4 Nf6 5. Nc3 e5 6. Ndb5 d6 7. Be3 a6 8. Na3 b5 9. Nd5 Nxd5 10. exd5 Nb8 11. c4 bxc4 12. Nxc4 Nd7 13. Be2 Be7 14. 0-0 0-0 15. b4 Rb8 16. Na5 Qe8 17. Nc6 Ra8 18. a4 f5 19. f3 f4 20. Bf2 Nb8 21. b5 Bd7 22. Qb3 Kh8 23. Bd3 Rf7 24. Qc2 g5 25. Rfb1 Bd8 26. Nxb8 Rxb8 27. bxa6 Rxb1+ 28. Qxb1 Bc8 29. a7 Bb7 30. Qxb7 Rxb7 31. a8Q Rb2 32. Qa7 Qh5 33. Qd7 Ba5 34. Qxd6 Bb4 35. Qxe5+ Kg8 36. Qxb2 g4 37. fxg4 Qxg4 38. Qxb4 h5 39. Qe7 f3 40. Qh7+ Kf8 41. Bc5+ 1-0

[Event "Bicas Copa dos Inconfidentes"]
[Site "Bicas"]
[Date "2020.10.18"]
[Round "4"]
[White "Cardoso, Marcio de Lucca"]
[Black "Lage, Pedro Ferreira"]
[Result "0-1"]
[WhiteElo "1888"]
[BlackElo "2055"]
[PlyCount "86"]
[EventDate "2020.10.17"]
[EventType "swiss"]
[EventRounds "5"]
[EventCountry "BRA"]
[SourceTitle "EXT 2022"]
[Source "ChessBase"]
[SourceDate "2021.10.06"]
[SourceVersion "1"]
[SourceVersionDate "2021.10.06"]
[SourceQuality "1"]

1. e4 e6 2. d4 d5 3. Bd3 dxe4 4. Bxe4 Nf6 5. Bf3 c5 6. Ne2 e5 7. dxe5 Qxd1+ 8. Kxd1 Ng4 9. Bxg4 Bxg4 10. h3 Bh5 11. f4 Bg6 12. Nbc3 Nc6 13. Bd2 0-0-0 14. g4 h5 15. Ng3 hxg4 16. hxg4 Rxh1+ 17. Nxh1 Nd4 18. f5 Nf3 19. Ne4 Bh7 20. Ke2 Nxe5 21. Nhf2 Re8 22. Rh1 Nxg4 23. Rxh7 Nxf2 24. Kxf2 Rxe4 25. Rh8 Re8 26. f6 Rd8 27. Bg5 gxf6 28. Bxf6 Be7 29. Rxd8+ Bxd8 30. Be5 Kd7 31. Ke3 Ke6 32. Bb8 a6 33. c4 Bf6 34. b3 Be5 35. Ba7 Bd6 36. Bb6 Kf5 37. Kf3 Ke5 38. Ke3 f5 39. Ba5 f4+ 40. Kd3 Kf5 41. Be1 Kg4 42. Ke4 f3 43. Kd5 Bg3 0-1

[Event "Sao Joao del Rei op"]
[Site "Sao Joao del Rei"]
[Date "2020.02.09"]
[Round "5"]
[White "De Amorim, Walter Rymundo"]
[Black "Cardoso, Marcio de Lucca"]
[Result "0-1"]
[WhiteElo "1472"]
[BlackElo "1890"]
[PlyCount "28"]
[EventDate "2020.02.08"]
[EventType "swiss"]
[EventRounds "5"]
[EventCountry "BRA"]
[SourceTitle "CBM 195 Extra"]
[Source "ChessBase"]
[SourceDate "2020.05.31"]
[SourceVersion "1"]
[SourceVersionDate "2020.05.31"]
[SourceQuality "1"]

1. Nf3 Nf6 2. d4 g6 3. c4 c5 4. d5 b5 5. b3 bxc4 6. bxc4 Bg7 7. Bb2 d6 8. Nfd2 Qb6 9. Qc1 Nbd7 10. Nc3 0-0 11. Rb1 Ba6 12. e3 Rfb8 13. Nd1 Qa5 14. Bd3 Qa4 0-1

[Event "Rio de Janeiro Estadual-ch"]
[Site "Rio de Janeiro"]
[Date "2019.10.05"]
[Round "5"]
[White "Cardoso, Marcio de Lucca"]
[Black "Souza Jr, Helemberg Cubica De"]
[Result "1/2-1/2"]
[WhiteElo "1877"]
[BlackElo "1742"]
[PlyCount "103"]
[EventDate "2019.09.28"]
[EventType "swiss"]
[EventRounds "6"]
[EventCountry "BRA"]
[SourceTitle "EXT 2020"]
[Source "ChessBase"]
[SourceDate "2019.10.17"]
[SourceVersion "1"]
[SourceVersionDate "2019.10.17"]
[SourceQuality "1"]

1. e4 c5 2. Nf3 d6 3. d4 cxd4 4. Nxd4 Nf6 5. Nc3 e6 6. Bg5 Be7 7. Qd2 0-0 8. Ndb5 a6 9. Bxf6 Bxf6 10. Nxd6 Nc6 11. 0-0-0 b5 12. f4 b4 13. Ne2 e5 14. Kb1 exf4 15. Nxf4 Qe7 16. Qd5 Bg4 17. Be2 Bxe2 18. Nxe2 Ne5 19. Nd4 g6 20. Nc6 Nxc6 21. Qxc6 a5 22. Rhf1 a4 23. Qb7 Qe6 24. Qd5 Qe7 25. e5 Qxe5 26. Qxe5 Bxe5 27. h3 Rad8 28. Nb7 Rxd1+ 29. Rxd1 Rc8 30. Rd8+ Rxd8 31. Nxd8 f5 32. Nc6 Bd6 33. Kc1 Kf7 34. Kd2 Ke6 35. Kd3 Kd5 36. Na5 g5 37. c4+ bxc3 38. bxc3 h5 39. Nc4 Bc7 40. Ne3+ Ke5 41. c4 f4 42. Nd5 Bd6 43. Nc3 a3 44. Ne4 Be7 45. Nf2 Bb4 46. Ne4 g4 47. hxg4 hxg4 48. Nf2 g3 49. Nh3 Be7 50. Ng1 Bc5 51. Nf3+ Kf5 52. Nd2 1/2-1/2

[Event "Pocos de Caldas op"]
[Site "Pocos de Caldas"]
[Date "2019.02.09"]
[Round "4"]
[White "Cardoso, Marcio de Lucca"]
[Black "Martins de Aguiar, Marina"]
[Result "1-0"]
[WhiteElo "1887"]
[BlackElo "1656"]
[PlyCount "99"]
[EventDate "2019.02.08"]
[EventType "swiss"]
[EventRounds "6"]
[EventCountry "BRA"]
[SourceTitle "CBM 189 Extra"]
[Source "ChessBase"]
[SourceDate "2019.06.03"]
[SourceVersion "1"]
[SourceVersionDate "2019.06.03"]
[SourceQuality "1"]

1. e4 c5 2. Nf3 e6 3. c3 Nf6 4. e5 Nd5 5. Bc4 d6 6. d4 cxd4 7. cxd4 Be7 8. 0-0 0-0 9. Nbd2 Nc6 10. Bb3 b6 11. a3 dxe5 12. dxe5 Bb7 13. Ne4 Qc7 14. Bxd5 exd5 15. Nd6 Bxd6 16. exd6 Qxd6 17. Be3 Rfe8 18. Qd2 Na5 19. Qd3 Nc4 20. Bd4 h6 21. Rac1 Rac8 22. Rfe1 Na5 23. b4 Rxe1+ 24. Rxe1 Nc4 25. Ba1 Bc6 26. Rd1 Ba4 27. Re1 Re8 28. Rc1 Qd8 29. Nd4 Qg5 30. Qc3 Bd7 31. Nf3 Qg6 32. Nh4 Qg5 33. f4 Qg4 34. h3 Re3 35. hxg4 Rxc3 36. Rxc3 Bxg4 37. Rd3 f6 38. Rxd5 Nxa3 39. Rd8+ Kf7 40. Rc8 Nb5 41. Kf2 Be6 42. Rb8 Nd6 43. Nf3 Nc8 44. Nd4 Bg4 45. f5 Nd6 46. Kg3 Bd1 47. Kf4 Ba4 48. Ra8 a5 49. bxa5 bxa5 50. Rxa5 1-0

[Event "Pocos de Caldas op"]
[Site "Pocos de Caldas"]
[Date "2019.02.08"]
[Round "1"]
[White "Correa, Joao Pedro Vieira"]
[Black "Cardoso, Marcio de Lucca"]
[Result "0-1"]
[WhiteElo "1534"]
[BlackElo "1887"]
[PlyCount "132"]
[EventDate "2019.02.08"]
[EventType "swiss"]
[EventRounds "6"]
[EventCountry "BRA"]
[SourceTitle "CBM 188 Extra"]
[Source "ChessBase"]
[SourceDate "2019.02.26"]
[SourceVersion "1"]
[SourceVersionDate "2019.02.26"]
[SourceQuality "1"]

1. e4 c5 2. Nf3 e6 3. d3 Nc6 4. g3 g6 5. Bg5 Qb6 6. Nbd2 Bg7 7. Nc4 Qc7 8. Bf4 e5 9. Bc1 Nge7 10. c3 d5 11. Ne3 dxe4 12. dxe4 0-0 13. Bg2 h6 14. 0-0 Be6 15. Nd5 Qd7 16. Bxh6 Nxd5 17. Bxg7 Kxg7 18. Nxe5 Nxe5 19. exd5 Bh3 20. b3 Bxg2 21. Kxg2 Rad8 22. c4 Qf5 23. h3 Rh8 24. Rh1 Nd3 25. Qf3 Qxf3+ 26. Kxf3 Rhe8 27. Rad1 Ne5+ 28. Kg2 g5 29. f4 gxf4 30. gxf4 Ng6 31. Kf3 Kf6 32. h4 Rh8 33. h5 Ne7 34. a3 Nf5 35. b4 b6 36. bxc5 bxc5 37. Rb1 Rd7 38. Kf2 Nd4 39. Rbf1 Rb7 40. Rb1 Rxb1 41. Rxb1 Rxh5 42. Rb7 Rh3 43. Rxa7 Rf3+ 44. Kg2 Rc3 45. Ra6+ Kf5 46. Ra7 f6 47. Re7 Rxa3 48. d6 Ra8 49. Rc7 Ne6 50. Rc6 Nxf4+ 51. Kf3 Ne6 52. Ke3 Rd8 53. Kf2 Ke5 54. Ra6 Rxd6 55. Ra1 Rd4 56. Rc1 f5 57. Kf3 Ng5+ 58. Kg2 f4 59. Re1+ Kf5 60. Rc1 Kg4 61. Kf2 Ne4+ 62. Kg1 Ng3 63. Rc2 Rd1+ 64. Kg2 f3+ 65. Kf2 Kf4 66. Rc1 Ne4# 0-1

[Event "Juiz de Fora op 1st"]
[Site "Juiz de Fora"]
[Date "2018.09.30"]
[Round "5"]
[White "Nery Junior, Jose Antonio"]
[Black "Cardoso, Marcio de Lucca"]
[Result "1-0"]
[WhiteElo "2106"]
[BlackElo "1892"]
[PlyCount "85"]
[EventDate "2018.09.29"]
[EventType "swiss"]
[EventRounds "5"]
[EventCountry "BRA"]
[SourceTitle "CBM 186 Extra"]
[Source "ChessBase"]
[SourceDate "2018.08.24"]
[SourceVersion "1"]
[SourceVersionDate "2018.08.24"]
[SourceQuality "1"]

1. e4 c5 2. Nf3 e6 3. d4 cxd4 4. Nxd4 a6 5. Bd3 Qc7 6. 0-0 Nf6 7. Qe2 d6 8. c4 Be7 9. Nc3 0-0 10. Kh1 Nbd7 11. f4 Nc5 12. Bd2 b6 13. Rae1 Nxd3 14. Qxd3 Bb7 15. Rf3 Rac8 16. b3 Rfe8 17. Rh3 g6 18. Qg3 Bf8 19. e5 Nd7 20. Qh4 h5 21. f5 Nxe5 22. fxg6 fxg6 23. Ne4 Bxe4 24. Qxe4 Bg7 25. Rg3 Qf7 26. Nf3 Ng4 27. Rf1 d5 28. Qe2 Qc7 29. Nh4 Qe5 30. Qd3 g5 31. Ng6 Qd4 32. Qe2 Kh7 33. h3 Kxg6 34. hxg4 hxg4 35. Be3 Rh8+ 36. Kg1 Qe5 37. Qxg4 Rh5 38. cxd5 Qxd5 39. Rd1 Qf5 40. Qxf5+ Kxf5 41. Rf3+ Ke4 42. Bxb6 Rc6 43. Re1+ 1-0